Signifying the self (Record no. 982723)

MARC details
000 -LEADER
fixed length control field 00910nam a2200277Ia 4500
003 - CONTROL NUMBER IDENTIFIER
control field OSt
005 - DATE AND TIME OF LATEST TRANSACTION
control field 20221005074439.0
008 - FIXED-LENGTH DATA ELEMENTS--GENERAL INFORMATION
fixed length control field 221004b |||||||| |||| 00| 0 eng d
020 ## - INTERNATIONAL STANDARD BOOK NUMBER
International Standard Book Number 9781403924056 (hbk)
037 ## - SOURCE OF ACQUISITION
Terms of availability Textual
040 ## - CATALOGING SOURCE
Original cataloging agency CRL
Transcribing agency CRL
Language of cataloging eng
041 ## - LANGUAGE CODE
Source of code eng
Language code of text/sound track or separate title eng
100 ## - MAIN ENTRY--PERSONAL NAME
Personal name Malashri Lal Ed.
245 #0 - TITLE STATEMENT
Title Signifying the self
Remainder of title women and literature
260 ## - PUBLICATION, DISTRIBUTION, ETC.
Place of publication, distribution, etc. New Delhi
Name of publisher, distributor, etc. Macmillan India Ltd India
Date of publication, distribution, etc. 2007
300 ## - PHYSICAL DESCRIPTION
Extent x,279p.
Dimensions cm.
650 ## - SUBJECT ADDED ENTRY--TOPICAL TERM
Topical term or geographic name entry element ENGLISH LITERATURE
700 ## - ADDED ENTRY--PERSONAL NAME
Personal name Panja Shormishtha Ed.
700 ## - ADDED ENTRY--PERSONAL NAME
Personal name Satpathy Sumanyu Ed.
942 ## - ADDED ENTRY ELEMENTS (KOHA)
Classification part O111944(Y15):g, P7
Koha item type Textual
Source of classification or shelving scheme
Holdings
Withdrawn status Lost status Damaged status Not for loan Home library Current library Date acquired Source of acquisition Cost, normal purchase price Total Checkouts Full call number Barcode Date last seen Date last checked out Cost, replacement price Price effective from Koha item type
        Central Library Central Library 2022-10-05 007, 28/11/2007, Macmillan India Ltd 375.00 1 O111944(Y15):g P7 CL1182026 2025-07-01 2025-06-13 375.00 2022-10-05 Textual
Copyright @ Delhi University Library System